中国人均西瓜产量最多的省区 China provinces with largest watermelon yield per capita - Statistics

General Stats
  • This quiz has been taken 100 times
  • The average score is 7 of 10
Answer Stats
西瓜人均产量/kg 省区 % Correct
98.49 新疆
95%
135.68 河南
80%
87.49 甘肃
75%
205.83 宁夏
74%
74.90 山东
74%
57.69 江苏
65%
50.29 湖北
62%
53.08 湖南
61%
57.08 广西
52%
50.27 安徽
48%
No matching quizzes found
Score Distribution
Percent of People with Each Score
Percentile by Number Answered
Your Score History
You have not taken this quiz